Responses for show #1150 - Friday, September 8, 1989

Bob Blake game 3.

Contestants

Nancy McGregor, a homemaker from Akron, Ohio

John Wallace, a physician from Fort Bragg, California

Bob Blake, an actuary from Vancouver, British Columbia (whose 2-day cash winnings total $40,800)

Jeopardy! Round responses

U.S.A.
THE EMMYS
WEATHER
OPERA
LEFTOVERS
HERE'S "JOHNNY"
(Alex: All the correct responses will contain that name.)
    $100 4
Alabama

Nancy
    $100 3
M*A*S*H

John
    $100 5
weather chart (or weather map)

John
    $100 1
Queen Isabella

John
    $100 6
credit cards

Bob
    $100 2
(Nancy: Who is Johnny Griffith... Gilbert?)
(Alex: All right, you got it right the second time, and I'm glad you did for Johnny's sake. He has been our announcer for five years now and I have received a number of letters from viewers who say "We never get to see Johnny on camera." Well, we're gonna make up for that right now: Here's our Johnny--Johnny Gilbert!)
[Applause]
(Alex: Let's hope we can have five more years together!)
[Johnny gives a thumbs-up.]

Johnny Gilbert

Nancy
    $200 20
vote for president

John
    $200 8
Sharon Gless

John
    $200 7
The Pilgrim's Progress

Nancy
    $200 19
"America The Beautiful"

Nancy
    $200 14
"Johnny-On-The-Spot"

John
    $300 9
Oklahoma

Triple Stumper
    $300 24
All in the Family

Nancy
    $300 16
Metropolitan & New York City Opera

John
    $300 17
blue

Bob
    $1,000 12
Johnny Mathis

John
    $400 10
North & South Carolina

Bob
    $400 25
Eileen Brennan

Bob
    $400 27
the equator

Nancy
    $400 22
(John: What is La traviata?)
...
(Alex: A minute left to go in this round...)

Il trovatore

BobJohn
    $400 18
Vanity Fair

Bob
    $400 13
Johnny Belinda

Nancy
    $500 11
Mississippi

John
    $500 26
Family

Bob
    $500 28
(John: WEATHER for $300...)
[The end-of-round signal sounds]

fog

John
    $500 23
Richard Wagner

Bob
    $500 21
Bern, Switzerland

Bob
    $500 15
Johnny Jump-Up

Bob

Scores at the first commercial break (after clue 12):

Bob John Nancy
$500 $2,000 $400

Scores at the end of the Jeopardy! Round:

Bob John Nancy
$4,000 $2,800 $1,700

Double Jeopardy! Round responses

FIRST NOVELS
TAXES
BRITISH ROYALTY
DANCE
MOVIE TRIVIA
THE "I"'S HAVE IT
    $200 10
Zane Grey

Bob
    $200 17
March 15

John
    $200 6
William the Conqueror

Nancy
    $200 15
Agnes DeMille

Bob
    $200 1
Cher

Nancy
    $200 7
"I Want To Hold Your Hand"

Bob
    $400 14
Charles Dickens

John
    $400 29
(John: What is a surtax?)

excise tax

JohnNancy
    $400 9
Prince Charles

Nancy
    $400 23
Mikhail Baryshnikov

John
    $400 2
Joan Crawford

John
    $400 8
insulin

Bob
    $600 16
Jacqueline Susann

Nancy
    $600 28
the Stamp Act

Nancy
    $2,000 11
Queen Victoria

Bob
    $600 24
Jerome Robbins

Nancy
    $600 3
The Accused

John
    $600 18
Indian summer

Nancy
    $800 21
Carrie

Nancy
    $800 27
Franklin D. Roosevelt

Nancy
    $800 12
3

Bob
    $4,000 25
(Nancy: Who is Hines?)
...
(Alex: Less than a minute to go in the round...)

Sammy Davis, Jr.

Nancy
    $800 4
Woody Allen, Francis Ford Coppola & Martin Scorsese

Bob
    $800 19
Isthmus

John
    $1000 22
John Steinbeck

John
    $1000 26
value-added tax

Bob
    $1000 13
Charles II

Bob
    $1000 30
Kirov Ballet

John
    $1000 5
(Alex: Now a judge.)

Jim Garrison

Bob
    $1000 20
iconoclast

Bob

Scores at the end of the Double Jeopardy! Round:

Bob John Nancy
$12,600 $7,200 $2,900

[wagering suggestions for these scores]

Final Jeopardy! Round responses

THE CABINET
NancyWhat was the Dept. of Interior?
$900
JohnWhat is the Dept. of Interior?
$5,401
BobWhat is Dept. of INTERIOR?
$2,000
the Department of the Interior

Final scores:

Bob John Nancy
$14,600 $12,601 $3,800
3-day champion: $55,400 2nd place: NovAtel Go Anywhere portable cellular telephone & Schlage home security systen 3rd place: Excel exercise machine

Game dynamics:

Coryat scores:

Bob John Nancy
$11,200 $6,500 $6,900
21 R
(including 1 DD),
0 W
18 R
(including 1 DD),
2 W
17 R,
1 W
(including 1 DD)

Combined Coryat: $24,600

The J! Archive is created by fans, for fans. The Jeopardy! game show and all elements thereof, including but not limited to copyright and trademark thereto, are the property of Jeopardy Productions, Inc. and are protected under law. This website is not affiliated with, sponsored by, or operated by Jeopardy Productions, Inc. Join the discussion at JBoard.tv.